[Event "CRO-chT2 West"]
[White "Samblic, Silvano"]
[Black "Mance, Milivoj"]
[Site "Rijeka"]
[Round "1.4"]
[Result "0-1"]
[Date "2020.09.12"]
[WhiteElo "1964"]
[BlackElo "2046"]
[PlyCount "116"]
[EventDate "2020.09.12"]
[EventType "team-tourn"]
[EventRounds "9"]
[EventCountry "CRO"]
[SourceTitle "EXT 2022"]
[Source "ChessBase"]
[SourceDate "2021.10.06"]
[SourceVersion "1"]
[SourceVersionDate "2021.10.06"]
[SourceQuality "1"]
[WhiteTeam "Krk"]
[BlackTeam "Ravna Gora Goranka"]
[WhiteTeamCountry "CRO"]
[BlackTeamCountry "CRO"]

1. e4 d6 2. d4 e5 3. dxe5 dxe5 4. Qxd8+ Kxd8 5. Nf3 f6 6. Nc3 Be6 7. Be3 c6 8. a3 Kc7 9. Nd2 Nd7 10. Bc4 Bxc4 11. Nxc4 Bc5 12. 0-0-0 Bxe3+ 13. Nxe3 Ne7 14. Rd2 Nb6 15. Rhd1 Rad8 16. Rxd8 Rxd8 17. Rxd8 Kxd8 18. Kd2 Kd7 19. Kd3 g6 20. g3 Ke6 21. f4 h5 22. b4 exf4 23. gxf4 g5 24. Ne2 Nd7 25. h3 b6 26. c4 c5 27. b5 Kf7 28. Nd5 Ng6 29. e5 gxf4 30. exf6 Nde5+ 31. Kc3 f3 32. Ng3 h4 33. Ne4 Ke6 34. a4 Nf8 35. a5 Nfd7 36. axb6 axb6 37. Nf2 Kf5 38. Nd1 Nf7 39. N1e3+ Ke6 40. Ng4 Ng5 41. Nf2 Nh7 42. Kd3 Nhxf6 43. Nc3 Ne5+ 44. Ke3 Nxc4+ 45. Kxf3 Kf5 46. Na4 Nd5 47. Nd3 Nd6 48. Naxc5 bxc5 49. Nxc5 Nxb5 50. Nd3 Nd4+ 51. Kf2 Nf4 52. Ne1 Ke4 53. Kf1 Nf5 54. Kg1 Ke3 55. Kh2 Nd4 56. Kg1 Nf3+ 57. Nxf3 Kxf3 58. Kh2 Ne6 0-1

[Event "Bosnjaci op 23rd"]
[White "Perci, Franjo"]
[Black "Samblic, Silvano"]
[Site "Bosnjaci"]
[Round "8"]
[Result "0-1"]
[Date "2018.01.08"]
[WhiteElo "1711"]
[BlackElo "2015"]
[PlyCount "94"]
[EventDate "2018.01.03"]
[EventType "swiss"]
[EventRounds "9"]
[EventCountry "CRO"]
[SourceTitle "CBM 182 Extra"]
[Source "ChessBase"]
[SourceDate "2018.02.23"]
[SourceVersion "1"]
[SourceVersionDate "2018.02.23"]
[SourceQuality "1"]

1. e4 c6 2. d4 d5 3. exd5 cxd5 4. Nc3 g6 5. Nf3 Bg7 6. h3 a6 7. Bd3 Nc6 8. Be2 Nf6 9. Be3 0-0 10. a3 Ne4 11. Nxe4 dxe4 12. Nd2 Bxd4 13. c3 Bxe3 14. fxe3 Qb6 15. Nc4 Qc5 16. 0-0 Be6 17. b4 Qg5 18. h4 Qxh4 19. Rf4 Qg3 20. Rxe4 b5 21. Nb2 Bf5 22. Rf4 Qxe3+ 23. Rf2 Rad8 24. Qc1 Qxc1+ 25. Rxc1 Rd2 26. Bf3 Rxf2 27. Kxf2 Ne5 28. Bb7 Bc8 29. Bxc8 Rxc8 30. Ke3 Nc4+ 31. Nxc4 Rxc4 32. Kd3 e5 33. a4 e4+ 34. Kc2 f5 35. axb5 axb5 36. Rd1 Rc7 37. Rd8+ Kg7 38. Rb8 f4 39. Rxb5 f3 40. gxf3 exf3 41. Ra5 f2 42. Ra1 Rf7 43. Rf1 g5 44. Kd2 g4 45. b5 g3 46. Ke2 g2 47. Rxf2 g1Q 0-1

[Event "Bosnjaci op 23rd"]
[White "Samblic, Silvano"]
[Black "Dejanovic, Tereza"]
[Site "Bosnjaci"]
[Round "3"]
[Result "0-1"]
[Date "2018.01.04"]
[WhiteElo "2015"]
[BlackElo "1779"]
[PlyCount "126"]
[EventDate "2018.01.03"]
[EventType "swiss"]
[EventRounds "9"]
[EventCountry "CRO"]
[SourceTitle "CBM 182 Extra"]
[Source "ChessBase"]
[SourceDate "2018.02.23"]
[SourceVersion "1"]
[SourceVersionDate "2018.02.23"]
[SourceQuality "1"]

1. e4 c5 2. Nc3 d6 3. d3 Nc6 4. g3 g6 5. Be3 Bg7 6. Qd2 e5 7. Bg2 Nge7 8. Nge2 Nd4 9. 0-0 0-0 10. f4 Bg4 11. fxe5 dxe5 12. h3 Be6 13. b3 Qd7 14. Kh2 f5 15. Rae1 Rad8 16. Ng1 b5 17. Bg5 c4 18. Nd5 Bxd5 19. exd5 cxd3 20. c3 Nc2 21. Rc1 e4 22. c4 bxc4 23. bxc4 Rc8 24. Rxc2 dxc2 25. Qb4 Nxd5 26. cxd5 Qxd5 27. Qa3 Qd3 28. Qxa7 Be5 29. Qe3 Qxe3 30. Bxe3 Rc3 31. Bh6 Rd8 32. Ne2 Ra3 33. Kh1 Rd1 34. Kh2 Bb2 35. g4 Rxf1 36. Bxf1 e3 37. Bf4 Rd3 38. Kg3 Rd1 39. Kg2 c1Q 40. Nxc1 Bxc1 41. Bc4+ Kf8 42. Bh6+ Ke7 43. Kf3 Rd4 44. Be2 Ra4 45. Bg5+ Kd6 46. Bf4+ Kc6 47. gxf5 gxf5 48. Bg3 Rxa2 49. Bd3 Ra5 50. Bf4 Ra4 51. Bg5 Kd5 52. Bf6 h5 53. Bg7 f4 54. Bh6 Bb2 55. Bxf4 Kd4 56. Bc2 Ra3 57. h4 Bc1 58. Bg5 Kc3 59. Bg6 e2 60. Kxe2 Bxg5 61. hxg5 h4 62. Be4 Kd4 63. Bf5 Rg3 0-1

[Event "Bosnjaci op 22nd"]
[White "Medic, Mirjana"]
[Black "Samblic, Silvano"]
[Site "Bosnjaci"]
[Round "7"]
[Result "1-0"]
[Date "2017.01.07"]
[WhiteElo "2147"]
[BlackElo "1959"]
[PlyCount "47"]
[EventDate "2017.01.03"]
[EventType "swiss"]
[EventRounds "9"]
[EventCountry "CRO"]
[SourceTitle "CBM 176 Extra"]
[Source "ChessBase"]
[SourceDate "2017.03.02"]
[SourceVersion "1"]
[SourceVersionDate "2017.03.02"]
[SourceQuality "1"]

1. d4 d5 2. Nf3 e6 3. c4 Nf6 4. Nc3 a6 5. cxd5 Nxd5 6. e4 Nxc3 7. bxc3 c5 8. Bd3 cxd4 9. cxd4 Bb4+ 10. Bd2 Bxd2+ 11. Qxd2 0-0 12. 0-0 Nc6 13. Qe3 b5 14. Rfd1 Nb4 15. Bb1 Bb7 16. a3 Qa5 17. Qb3 Nc6 18. d5 exd5 19. exd5 Ne7 20. d6 Ng6 21. Bxg6 hxg6 22. Ne5 Be4 23. Qe3 Bf5 24. Nc6 1-0

[Event "Krk Golden Island op 4th"]
[White "Samblic, Silvano"]
[Black "Ongut, Tamas Gunes"]
[Site "Malinska"]
[Round "6"]
[Result "1/2-1/2"]
[Date "2016.11.02"]
[WhiteElo "1948"]
[BlackElo "2011"]
[PlyCount "78"]
[EventDate "2016.10.29"]
[EventType "swiss"]
[EventRounds "9"]
[EventCountry "CRO"]
[SourceTitle "CBM 175 Extra"]
[Source "ChessBase"]
[SourceDate "2016.12.12"]
[SourceVersion "1"]
[SourceVersionDate "2016.12.12"]
[SourceQuality "1"]

1. e4 c5 2. Nc3 a6 3. d3 b5 4. g3 Bb7 5. Bg2 e6 6. f4 d5 7. exd5 exd5 8. Nf3 Nf6 9. 0-0 Be7 10. Ne5 0-0 11. a4 b4 12. Ne2 Nbd7 13. c3 a5 14. cxb4 axb4 15. b3 Nxe5 16. fxe5 Nd7 17. Bb2 Qb8 18. Nf4 d4 19. e6 Bxg2 20. Kxg2 fxe6 21. Qg4 Qb7+ 22. Kg1 e5 23. Qe6+ Kh8 24. Nd5 Bf6 25. Nxf6 Rxf6 26. Rxf6 Nxf6 27. Rf1 e4 28. dxe4 Nxe4 29. Rf7 Ng5 30. Rxb7 Nxe6 31. Re7 Ng5 32. Bc1 h6 33. Bxg5 hxg5 34. Rc7 d3 35. Kf1 Rd8 36. Ke1 d2+ 37. Kd1 Rd3 38. Rxc5 Rxb3 39. Kxd2 Rb2+ 1/2-1/2

[Event "Krk Golden Island op 4th"]
[White "Golub, Nikolina"]
[Black "Samblic, Silvano"]
[Site "Malinska"]
[Round "4"]
[Result "0-1"]
[Date "2016.10.31"]
[WhiteElo "1814"]
[BlackElo "1948"]
[PlyCount "86"]
[EventDate "2016.10.29"]
[EventType "swiss"]
[EventRounds "9"]
[EventCountry "CRO"]
[SourceTitle "CBM 175 Extra"]
[Source "ChessBase"]
[SourceDate "2016.12.12"]
[SourceVersion "1"]
[SourceVersionDate "2016.12.12"]
[SourceQuality "1"]

1. d4 Nf6 2. c4 e6 3. Nc3 Be7 4. e4 0-0 5. e5 Ne8 6. Nf3 d6 7. exd6 cxd6 8. Bf4 Bf6 9. Ne4 Qa5+ 10. Bd2 Qb6 11. Bc3 d5 12. Nxf6+ Nxf6 13. c5 Qc7 14. Bd3 Nc6 15. 0-0 Ne4 16. Qc2 f5 17. b4 Qf4 18. b5 Nd8 19. Ne5 Nf7 20. Bb2 Nxe5 21. dxe5 Bd7 22. g3 Qh6 23. Bc1 Qh3 24. Re1 Rac8 25. Ba3 Ng5 26. Re3 f4 27. Bf1 fxe3 28. Bxh3 Rxf2 29. Bxe6+ Bxe6 30. Qxf2 exf2+ 31. Kxf2 Ne4+ 32. Ke3 Nxc5 33. Rc1 b6 34. Kd4 Kf7 35. Bxc5 bxc5+ 36. Rxc5 Rxc5 37. Kxc5 d4 38. Kxd4 Bxa2 39. Kc5 Ke6 40. Kc6 Bc4 41. Kc5 Bd3 42. b6 axb6+ 43. Kxb6 Kxe5 0-1

[Event "CRO-chT2W"]
[White "Samblic, Silvano"]
[Black "Fattorich, Igor"]
[Site "Croatia"]
[Round "6.5"]
[Result "0-1"]
[Date "2016.04.10"]
[WhiteElo "1951"]
[BlackElo "1937"]
[PlyCount "94"]
[EventDate "2016.03.05"]
[EventType "team-tourn"]
[EventRounds "9"]
[EventCountry "CRO"]
[SourceTitle "EXT 2017"]
[Source "ChessBase"]
[SourceDate "2016.10.25"]
[SourceVersion "1"]
[SourceVersionDate "2016.10.25"]
[SourceQuality "1"]
[WhiteTeam "Krk"]
[BlackTeam "Rovinj Batana"]
[WhiteTeamCountry "CRO"]
[BlackTeamCountry "CRO"]

1. e4 b6 2. Nc3 Bb7 3. d3 e6 4. g3 Nf6 5. Bg2 Bb4 6. Nge2 0-0 7. 0-0 d5 8. Bg5 Be7 9. exd5 exd5 10. Nf4 c6 11. Nh5 Nbd7 12. Re1 Re8 13. Nxf6+ Nxf6 14. Qd2 Qd7 15. Re2 h6 16. Bxf6 Bxf6 17. Rae1 Rxe2 18. Qxe2 Kf8 19. Kf1 Re8 20. Qxe8+ Qxe8 21. Rxe8+ Kxe8 22. Ke2 Ke7 23. Kd2 Kd6 24. Nd1 Bc8 25. c3 d4 26. f4 Be6 27. c4 Be7 28. Nf2 f5 29. Kc2 g5 30. Nh3 Bd7 31. Kd2 Ke6 32. fxg5 hxg5 33. Ng1 g4 34. Ne2 Bg5+ 35. Kc2 Ke5 36. h3 Be3 37. hxg4 fxg4 38. Be4 Kd6 39. b4 a5 40. bxa5 bxa5 41. Kb3 c5 42. a3 Ke5 43. Kc2 Ba4+ 44. Kb2 Bd1 45. Nf4 Bxf4 46. gxf4+ Kxf4 47. Kc1 Bf3 0-1

[Event "Bosnjaci op 21st"]
[White "Samblic, Silvano"]
[Black "Mahmutbegovic, Muharem"]
[Site "Bosnjaci"]
[Round "5"]
[Result "0-1"]
[Date "2016.01.06"]
[WhiteElo "1937"]
[BlackElo "1996"]
[PlyCount "76"]
[EventDate "2016.01.03"]
[EventType "swiss"]
[EventRounds "9"]
[EventCountry "CRO"]
[SourceTitle "CBM 170 Extra"]
[Source "ChessBase"]
[SourceDate "2016.02.25"]
[SourceVersion "1"]
[SourceVersionDate "2016.02.25"]
[SourceQuality "1"]

1. e4 c5 2. Nc3 a6 3. g3 b5 4. Bg2 Bb7 5. d3 e6 6. Nf3 Nf6 7. Bg5 Be7 8. Qd2 0-0 9. 0-0 h6 10. e5 hxg5 11. exf6 Bxf6 12. Qe3 g4 13. Ne5 Bxg2 14. Kxg2 d5 15. Ne2 Bxe5 16. Qxe5 Nd7 17. Qh5 Qf6 18. Qxg4 Qxb2 19. Nf4 Qxc2 20. Rfe1 Nf6 21. Qg5 c4 22. Rec1 Qb2 23. Rf1 e5 24. Nh5 Nxh5 25. Qxh5 cxd3 26. Qf5 Qd4 27. Rad1 Qe4+ 28. Qf3 Qxf3+ 29. Kxf3 e4+ 30. Ke3 Rac8 31. Kd4 Rfd8 32. f3 f5 33. Ke5 g6 34. Kf6 Rc3 35. Rfe1 Re8 36. Kxg6 e3 37. Kxf5 d2 38. Re2 Rc1 0-1

[Event "Bosnjaci op 21st"]
[White "Raguz, Darko"]
[Black "Samblic, Silvano"]
[Site "Bosnjaci"]
[Round "4"]
[Result "1/2-1/2"]
[Date "2016.01.05"]
[WhiteElo "2106"]
[BlackElo "1937"]
[PlyCount "50"]
[EventDate "2016.01.03"]
[EventType "swiss"]
[EventRounds "9"]
[EventCountry "CRO"]
[SourceTitle "CBM 170 Extra"]
[Source "ChessBase"]
[SourceDate "2016.02.25"]
[SourceVersion "1"]
[SourceVersionDate "2016.02.25"]
[SourceQuality "1"]

1. e4 c6 2. d4 d5 3. e5 Bf5 4. h4 h5 5. Bg5 Qb6 6. Bd3 Bxd3 7. Qxd3 e6 8. Nd2 Nd7 9. Ngf3 Ne7 10. c4 Nf5 11. 0-0 Be7 12. Bxe7 Nxe7 13. b4 Nf5 14. b5 Qd8 15. g3 dxc4 16. Qxc4 cxb5 17. Qxb5 Qb6 18. Qd3 0-0 19. d5 Nc5 20. Qc2 Rac8 21. Rab1 Qa6 22. Rfc1 b6 23. dxe6 fxe6 24. Qc4 Qxc4 25. Rxc4 Nd3 1/2-1/2

[Event "Krk Golden Island op 3rd"]
[White "Samblic, Silvano"]
[Black "Berke, Ana"]
[Site "Malinska"]
[Round "3"]
[Result "0-1"]
[Date "2015.10.18"]
[WhiteElo "1932"]
[BlackElo "2141"]
[PlyCount "68"]
[EventDate "2015.10.17"]
[EventType "swiss"]
[EventRounds "9"]
[EventCountry "CRO"]
[SourceTitle "CBM 168 Extra"]
[Source "ChessBase"]
[SourceDate "2015.10.29"]
[SourceVersion "1"]
[SourceVersionDate "2015.10.29"]
[SourceQuality "1"]

1. e4 e5 2. Nf3 Nc6 3. Bc4 Bc5 4. Nc3 Nf6 5. d3 d6 6. h3 Be6 7. Bb5 a6 8. Bxc6+ bxc6 9. a3 Qd7 10. d4 exd4 11. Nxd4 d5 12. Be3 Bd6 13. Qf3 0-0 14. 0-0 Rae8 15. exd5 cxd5 16. b4 c6 17. Rad1 a5 18. bxa5 c5 19. Ndb5 Be7 20. Bf4 Rc8 21. a4 d4 22. Rfe1 Qd8 23. Ne4 Nxe4 24. Qxe4 Qxa5 25. Ra1 Bf6 26. Be5 Bxe5 27. Qxe5 Rfd8 28. Nd6 Rb8 29. Ra3 Rxd6 30. Rg3 g6 31. h4 Qd8 32. h5 Rd5 33. Qe2 Rg5 34. hxg6 hxg6 0-1

[Event "CRO-chT2 West"]
[White "Grozdanic, Velin"]
[Black "Samblic, Silvano"]
[Site "Croatia"]
[Round "3.5"]
[Result "1/2-1/2"]
[Date "2015.02.22"]
[WhiteElo "2081"]
[BlackElo "1932"]
[PlyCount "62"]
[EventDate "2015.02.21"]
[EventType "team-tourn"]
[EventRounds "9"]
[EventCountry "CRO"]
[SourceTitle "EXT 2016"]
[Source "ChessBase"]
[SourceDate "2015.10.08"]
[SourceVersion "1"]
[SourceVersionDate "2015.10.08"]
[SourceQuality "1"]
[WhiteTeam "Rijeka Junior"]
[BlackTeam "Krk"]
[WhiteTeamCountry "CRO"]
[BlackTeamCountry "CRO"]

1. e4 c6 2. Nc3 d5 3. Nf3 dxe4 4. Nxe4 Nf6 5. Qe2 Bg4 6. Nxf6+ gxf6 7. h3 Bxf3 8. Qxf3 Qd5 9. Be2 Qxf3 10. Bxf3 Bh6 11. d4 Bxc1 12. Rxc1 e6 13. c4 Nd7 14. 0-0 0-0 15. b4 Rfd8 16. Rfd1 Rac8 17. a4 b6 18. a5 bxa5 19. bxa5 c5 20. Rb1 cxd4 21. Rxd4 Ne5 22. Rxd8+ Rxd8 23. c5 Nxf3+ 24. gxf3 Rc8 25. Rb5 a6 26. Rb6 Rxc5 27. Rxa6 Rc1+ 28. Kg2 Kg7 29. Ra8 e5 30. a6 Ra1 31. a7 f5 1/2-1/2

[Event "Krk Golden Island op 2nd"]
[White "Nabaty, Tamir"]
[Black "Samblic, Silvano"]
[Site "Malinska"]
[Round "1"]
[Result "1-0"]
[Date "2014.04.06"]
[WhiteElo "2580"]
[BlackElo "1944"]
[PlyCount "77"]
[EventDate "2014.04.06"]
[EventType "swiss"]
[EventRounds "9"]
[EventCountry "CRO"]
[SourceTitle "CBM 159 Extra"]
[Source "ChessBase"]
[SourceDate "2014.04.24"]
[SourceVersion "1"]
[SourceVersionDate "2014.04.24"]
[SourceQuality "1"]

1. d4 Nf6 2. Nc3 d5 3. Bf4 c6 4. e3 Bf5 5. f3 h6 6. g4 Bh7 7. Bd3 Bxd3 8. Qxd3 e6 9. h4 Bd6 10. Nge2 Qc7 11. 0-0-0 Nbd7 12. Bxd6 Qxd6 13. e4 dxe4 14. fxe4 e5 15. g5 hxg5 16. hxg5 Rxh1 17. Rxh1 Ng8 18. d5 0-0-0 19. dxc6 Qxc6 20. Nb5 Kb8 21. Rh8 a6 22. Qd6+ Qxd6 23. Nxd6 Rf8 24. Nxf7 Kc7 25. Ng3 Ne7 26. Rxf8 Nxf8 27. Nxe5 Ne6 28. Nf3 Ng6 29. Kd2 Ngf4 30. Nf5 b5 31. Ke3 Ng2+ 32. Kf2 Ngf4 33. Kg3 Ng6 34. Kg4 Kd7 35. N5d4 Nc5 36. Nf5 Ne6 37. c3 Ngf8 38. Ne5+ Ke8 39. g6 1-0

[Event "Nova Gorica op-A 19th"]
[White "Ceschia, Ivano"]
[Black "Samblic, Silvano"]
[Site "Nova Gorica"]
[Round "2"]
[Result "1-0"]
[Date "2014.02.01"]
[WhiteElo "2213"]
[BlackElo "1972"]
[PlyCount "125"]
[EventDate "2014.01.31"]
[EventType "swiss"]
[EventRounds "9"]
[EventCountry "SLO"]
[SourceTitle "CBM 158 Extra"]
[Source "ChessBase"]
[SourceDate "2014.02.28"]
[SourceVersion "1"]
[SourceVersionDate "2014.02.28"]
[SourceQuality "1"]

1. e4 c6 2. d4 d5 3. exd5 cxd5 4. Bd3 Nc6 5. c3 Nf6 6. h3 e6 7. Nf3 Bd6 8. 0-0 h6 9. Qe2 Qc7 10. Re1 Bf4 11. Nbd2 0-0 12. g3 Bd6 13. Ne5 a6 14. Ndf3 b5 15. Nxc6 Qxc6 16. Ne5 Qc7 17. Qf3 Ne4 18. Ng4 f5 19. Nh2 Rf6 20. Bf4 Bd7 21. Bxd6 Qxd6 22. Qf4 Qxf4 23. gxf4 Kh7 24. Nf3 Rg8 25. Ne5 Be8 26. f3 Ng3 27. Kf2 Nh5 28. Ke3 g5 29. fxg5 hxg5 30. h4 gxh4 31. Rh1 Rg2 32. Rxh4 Kg7 33. f4 Rh6 34. Rah1 Rh7 35. R1h2 Rxh2 36. Rxh2 Nf6 37. Rxh7+ Nxh7 38. a4 Kf8 39. a5 Ke7 40. Be2 Nf6 41. Nd3 Nd7 42. Nb4 Nb8 43. b3 Bd7 44. Nd3 Nc6 45. b4 Nb8 46. Nc5 Be8 47. Kf2 Bd7 48. Kg3 Bc8 49. Kh4 Nd7 50. Bd3 Kf6 51. Kg3 Nxc5 52. dxc5 Bd7 53. Kf3 Bc6 54. Ke3 e5 55. fxe5+ Kxe5 56. Be2 Bb7 57. Bf3 Bc6 58. Bh5 Bb7 59. Be8 f4+ 60. Kd3 f3 61. Ke3 f2 62. Kxf2 d4 63. cxd4+ 1-0

[Event "Krk Golden Island op 1st"]
[White "Bomans, Arno"]
[Black "Samblic, Silvano"]
[Site "Malinska"]
[Round "7"]
[Result "1-0"]
[Date "2013.04.10"]
[WhiteElo "2227"]
[BlackElo "1997"]
[PlyCount "83"]
[EventDate "2013.04.06"]
[EventType "swiss"]
[EventRounds "9"]
[EventCountry "CRO"]
[SourceTitle "CBM 153 Extra"]
[Source "ChessBase"]
[SourceDate "2013.04.22"]
[SourceVersion "1"]
[SourceVersionDate "2013.04.22"]
[SourceQuality "1"]

1. d4 Nf6 2. c4 e6 3. Nc3 d5 4. cxd5 exd5 5. Bg5 Be7 6. e3 c6 7. Bd3 Be6 8. Qc2 Nbd7 9. Nge2 h6 10. Bh4 Nh5 11. Bxe7 Qxe7 12. 0-0 0-0 13. Rae1 f5 14. Ng3 Qg5 15. Nce2 Nxg3 16. hxg3 Rae8 17. Nf4 h5 18. b4 a6 19. a4 Rf6 20. b5 axb5 21. axb5 Bf7 22. Nh3 Qh6 23. Bxf5 Nf8 24. Rb1 h4 25. g4 Be6 26. g5 Bxf5 27. Qxf5 Rxf5 28. gxh6 gxh6 29. bxc6 bxc6 30. Rfc1 Rf6 31. Rb6 Ree6 32. Rb8 Re7 33. Rc8 Ree6 34. Nf4 Rd6 35. Ra1 Rd7 36. Ra6 Rdd6 37. Raa8 Rd7 38. Nh5 Rf5 39. Rxf8+ Rxf8 40. Nf6+ Kg7 41. Rxf8 Rd6 42. Ne8+ 1-0

[Event "Krk Golden Island op 1st"]
[White "Gutmann, Alois"]
[Black "Samblic, Silvano"]
[Site "Malinska"]
[Round "5"]
[Result "1-0"]
[Date "2013.04.09"]
[WhiteElo "2039"]
[BlackElo "1997"]
[PlyCount "61"]
[EventDate "2013.04.06"]
[EventType "swiss"]
[EventRounds "9"]
[EventCountry "CRO"]
[SourceTitle "CBM 153 Extra"]
[Source "ChessBase"]
[SourceDate "2013.04.22"]
[SourceVersion "1"]
[SourceVersionDate "2013.04.22"]
[SourceQuality "1"]

1. d4 Nf6 2. c4 e6 3. Nc3 d5 4. Bg5 Be7 5. e3 0-0 6. Nf3 Nbd7 7. Bd3 a6 8. a4 h6 9. Bh4 c5 10. 0-0 cxd4 11. exd4 dxc4 12. Bxc4 b6 13. Qe2 Bb7 14. Rfe1 Re8 15. Rad1 Qc7 16. Bg3 Qc6 17. Qf1 Rec8 18. Ba2 Bb4 19. d5 exd5 20. Nxd5 Qxa4 21. Nxb4 Qxb4 22. Ne5 Nxe5 23. Bxe5 Ng4 24. Rd4 Qa5 25. Rxg4 Qxa2 26. Rxg7+ Kf8 27. Qd3 Bd5 28. Qh7 Ke7 29. Qxh6 Rc6 30. Bd6+ Kd7 31. Re7+ 1-0

[Event "CRO-chT2 West"]
[White "Samblic, Silvano"]
[Black "Mravic, Filip"]
[Site "Croatia"]
[Round "3.36"]
[Result "1-0"]
[Date "2013.03.17"]
[WhiteElo "1997"]
[BlackElo "1791"]
[PlyCount "85"]
[EventDate "2013.03.16"]
[EventType "team-tourn"]
[EventRounds "9"]
[EventCountry "CRO"]
[SourceTitle "EXT 2019"]
[Source "ChessBase"]
[SourceDate "2018.10.10"]
[SourceVersion "1"]
[SourceVersionDate "2018.10.10"]
[SourceQuality "1"]
[WhiteTeam "Krk"]
[BlackTeam "Rijeka CC II"]
[WhiteTeamCountry "CRO"]
[BlackTeamCountry "CRO"]

1. e4 e5 2. Nf3 Nf6 3. Nc3 Nc6 4. d4 exd4 5. Nxd4 Bc5 6. Nxc6 bxc6 7. Bc4 d6 8. 0-0 0-0 9. Qd3 Be6 10. Bg5 Qe7 11. a3 Rfe8 12. b4 Bb6 13. Kh1 Bxf2 14. Bxe6 fxe6 15. e5 dxe5 16. Ne4 h6 17. Bxf6 gxf6 18. Nxf2 f5 19. Qe3 Qg7 20. Rad1 a5 21. Qc5 axb4 22. axb4 e4 23. Nh3 Rad8 24. Qxc6 Qe7 25. Nf4 Kf7 26. b5 Rd6 27. Rxd6 Qxd6 28. Qxd6 cxd6 29. b6 Rb8 30. Rb1 Rb7 31. Kg1 d5 32. c3 Ke7 33. Kf2 Kd6 34. g3 e5 35. Ng2 Kc5 36. Nh4 f4 37. Nf5 e3+ 38. Ke2 h5 39. gxf4 exf4 40. Kd3 Rxb6 41. Rxb6 Kxb6 42. Nd4 Kb7 43. Ne6 1-0

[Event "Bosnjaci op 18th"]
[White "Samblic, Silvano"]
[Black "Vukic, Anto"]
[Site "Bosnjaci"]
[Round "6"]
[Result "1-0"]
[Date "2013.01.06"]
[WhiteElo "1989"]
[BlackElo "1780"]
[PlyCount "59"]
[EventDate "2013.01.03"]
[EventType "swiss"]
[EventRounds "9"]
[EventCountry "CRO"]
[SourceTitle "CBM 152 Extra"]
[Source "ChessBase"]
[SourceDate "2013.02.25"]
[SourceVersion "1"]
[SourceVersionDate "2013.02.25"]
[SourceQuality "1"]

1. e4 e5 2. Nf3 Nc6 3. d4 exd4 4. Bc4 Qe7 5. 0-0 d6 6. Nxd4 Nxd4 7. Qxd4 Qe5 8. Qd3 Nf6 9. Nc3 Be7 10. f4 Qh5 11. Nb5 Bd8 12. e5 Bf5 13. Qb3 Ne4 14. Be3 a6 15. Nd4 Nc5 16. Nxf5 Qxf5 17. Bxc5 dxc5 18. Qxb7 Qc8 19. Qxc8 Rxc8 20. Bxa6 Rb8 21. b3 Rb6 22. Bc4 0-0 23. a4 Rb7 24. Rad1 c6 25. Rd6 Rc7 26. Rfd1 Be7 27. Rd7 Rfc8 28. a5 Rxd7 29. Rxd7 Bd8 30. Rxf7 1-0